Представление документа в формате RUSMARC

ПолеНазваниеЗначение
  Тип записи a
  Библиографический уровень m
001 Контрольный номер RU/SLIB/B/208710208
005 Дата корректировки 20241023145358.1
010 Индекс ISBN __
d Цена 19-00
101 Язык документа __
a Язык текста rus
c Язык оригинала rus
200 Заглавие и сведения об ответственности 0_
a Заглавие Сто великих имен в математике, физике и географии
f Первые сведения об ответственности О. А. Смирнов [и др.] ; науч. ред. В. В. Славкин
b Общее обозначение материала Текст
210 Выходные данные __
a Место издания М.
c Издательство Филол. о-во "Слово"
d Дата издания 1998
215 Физическое описание __
a Объем 495 с.
c Иллюстрации/тип воспроизводства ил.
225 Серия __
a Серия 100 великих
606 Тематические рубрики __
a Основная рубрика Общие вопросы естественных и точных наук
610 Ключевые слова __
a Ключевые слова географы; детская литература; математики; физики; персоналии; биографии; путешественники; ученые; актеры
686 Индексы других классификаций __
2 Код системы rubbks
a Классификационный индекс ст20г
702 Вторичная интеллектуальная ответственность _1
a Фамилия Смирнов
b Имя О. А.
4 Код отношения Автор
702 Вторичная интеллектуальная ответственность _1
a Фамилия Славкин
b Имя В. В.
4 Код отношения Редактор
801 Источник записи _0
a Страна RU
b Организация Муниципальное бюджетное учреждение культуры "Централизованная библиотечная система" г. Сургут (Центральная городская библиотека им. А. С. Пушкина)
g Правила каталогизации ОБ/Котельникова
801 Источник записи _1
a Страна RU
b Организация Муниципальное бюджетное учреждение культуры "Централизованная библиотечная система" г. Сургут (Центральная городская библиотека им. А. С. Пушкина)
g Правила каталогизации ОБ/Котельникова
852 Данные о местонахождении __
j Шифр хранения ст20г
c Каталожный индекс ст20г
i Авторский знак С 81
p Инвентарный номер 76467
901 Тип документа __
t Тип документа m
903 Характеристики (МАРС) __
a Дата передачи 20000621
969 Тип издания __
a Тип издания энциклопедия
990 Данные о заказе (DOS) 00
j Количество экземпляров (DOS) 1
t N записи в КСУ для И/У (DOS) 200001